| 000 | 00000nam##2200000za#4500 |
| 001 | 9.523585 |
| 003 | CaOODSP |
| 005 | 20200327030057 |
| 007 | ta |
| 008 | 150406|1993||||xxc||||| f|0| 0 fre|d |
| 022 | |a0706-6457 |
| 040 | |aCaOODSP|bfre |
| 041 | |aeng |
| 041 | |afre |
| 043 | |an-cn--- |
| 086 | 1 |aFs97-6/1942 |
| 110 | 1 |aCanada. |bMinistère des pêches et des océans. |
| 245 | 10|aComptes rendus dix-neuvième atelier annuel sur la toxicité aquatique: du 4-7 octobre 1992, Edmonton, Alberta / |cPréparé sous la direction de E. G. Baddaloo et al. |
| 260 | |aOttawa - Ontario : |bPêches et Océans Canada |c1993. |
| 300 | |a489p. : |bfigures, graphiques, références, tableaux ; |c28 cm. |
| 490 | 1 |aRapport technique canadien des sciences halieutiques et aquatiques|x0706-6457|v1942 |
| 546 | |aAbstracts in English.) Texte de présentation bilingue, texte en anglais |
| 563 | |aReliure à anneaux |
| 720 | 1 |aBaddaloo, E. G. |
| 776 | 0#|tProceedings of the Nineteenth Annual Aquatic Toxicity Workshop - October 4-7, 1992, Edmonton, Alberta / |w(CaOODSP)9.589911 |
| 791 | |tProceedings of the nineteenth annual aquatic toxicity workshop: October 4-7, 1992, Edmonton, Alberta / |eeng|w(CaOODSP)9.523584 |
| 830 | #0|aRapport technique canadien des sciences halieutiques et aquatiques,|x0706-6457|v1942|w(CaOODSP)9.514690 |